000 00782nam a2200241Ii 4500
003 JO-AjNU
008 230605s9999||||xx |||||||||||||| ||und||
017 _a16395
020 _a978-977-477-102-6
040 _aJO-AjNU
_bara
_erda
_cJO-AjNU
041 _aara
050 1 4 _aHD30.2.S25.2013
100 3 _aالسيفو،وليد اسماعيل/عبدالحفيظ بلعربي,
_eauthor
_943983
245 0 0 _aالاقتصاد الاداري
250 _aط1
264 3 1 _aالقاهرة:الشركة العربية المتحدة للتسويق والتوريدات،2013
300 _a418ص
336 _atext
_btxt
_2rdacontent
337 _aunmediated
_bn
_2rdamedia
338 _avolume
_bnc
_2rdacarrier
490 0 _aص
650 4 _aالاقتصاد-ادارة
_943984
999 _aA18952
_c22520
_d22520